LEADER 02739nam 2200649Ia 450 001 996248349403316 005 20221108024739.0 010 $a0-674-02702-7 010 $a0-674-03982-3 024 7 $a10.4159/9780674027022 035 $a(CKB)1000000000805609 035 $a(StDuBDS)AH23050595 035 $a(SSID)ssj0000184937 035 $a(PQKBManifestationID)11177976 035 $a(PQKBTitleCode)TC0000184937 035 $a(PQKBWorkID)10207119 035 $a(PQKB)10878434 035 $a(MiAaPQ)EBC3300529 035 $a(DE-B1597)571822 035 $a(DE-B1597)9780674027022 035 $a(dli)HEB08932 035 $a(MiU) MIU01100000000000000000535 035 $a(EXLCZ)991000000000805609 100 $a20080804d2008 uy 0 101 0 $aeng 135 $aur||||||||||| 181 $ctxt 182 $cc 183 $acr 200 14$aThe Jamestown project /$fKaren Ordahl Kupperman 210 $aCambridge, Mass. ;$aLondon $cBelknap$d2008 215 $a1 online resource (392 p. )$cill 300 $aBibliographic Level Mode of Issuance: Monograph 311 $a0-674-03056-7 320 $aIncludes bibliographical references (p. 329-369) and index. 327 $tFrontmatter -- $tContents -- $tAcknowledgments -- $tIntroduction: Creation Myths -- $t1. Elizabethan England Engages the World -- $t2. Adventurers, Opportunities, and Improvisation -- $t3. Indian Experience of the Atlantic -- $t4. English Hunger for the New -- $t5. Grasping America?s Contours -- $t6. A Welter of Colonial Projects -- $t7. Jamestown?s Uncertain Beginnings -- $t8. The Project Revised -- $t9. James Cittie in Virginia -- $tNotes -- $tIndex 330 $aReconfiguring the national myth of Jamestown's failure, Karen Kupperman shows how the settlement's distinctly messy first decade actually represents a period of ferment in which individuals were learning how to make a colony work. 606 $aFrontier and pioneer life$zVirginia$zJamestown 606 $aColonists$zVirginia$zJamestown$vBiography 606 $aIndians of North America$zVirginia$zJamestown$vBiography 607 $aJamestown (Va.)$vBiography 607 $aJamestown (Va.)$xHistory$y17th century 607 $aVirginia$xHistory$yColonial period, ca. 1600-1775 607 $aVirginia$xRelations$zGreat Britain 607 $aGreat Britain$xRelations$zVirginia 615 0$aFrontier and pioneer life 615 0$aColonists 615 0$aIndians of North America 676 $a973.21 700 $aKupperman$b Karen Ordahl$f1939-$0969379 801 0$bMiAaPQ 801 1$bMiAaPQ 801 2$bMiAaPQ 906 $aBOOK 912 $a996248349403316 996 $aThe Jamestown project$92316825 997 $aUNISA LEADER 01345nam0 22003131i 450 001 UON00037876 005 20231205102132.454 010 $a37-666-8650-x 100 $a20020107d1972 |0itac50 ba 101 $aeng 102 $aNL 105 $a|||| 1|||| 200 1 $aBaal$eA study of texts in connexion with Baal in the Ugaritic epics$fby Peter J. van Zijl 210 $aKevelaer$cButzon & Bercker$d1972 215 $aX, 406 p.$d30 cm 410 1$1001UON00000604$12001 $aAlter Orient und Altes Testament$eVeroffentlichungen zur Kultur und Geschichte des Alten Orients und des Alten Testaments$fHrsg. Manfried Dietrech, Oswald Loretz$v010 606 $aBAAL$3UONC002954$2FI 606 $aLetteratura ugaritica $xTesti religiosi$3UONC012698$2FI 620 $aDE$dNeukirchen-Vluyn$3UONL000365 620 $dKevelaer$3UONL000690 686 $aVOA SERIE$cVICINO ORIENTE ANTICO - COLLANE$2A 700 1$aZIJL$bPeter J. : van$3UONV024184$0647168 712 $aButzon & Bercker$3UONV246749$4650 801 $aIT$bSOL$c20251003$gRICA 899 $aSIBA - SISTEMA BIBLIOTECARIO DI ATENEO$2UONSI 912 $aUON00037876 950 $aSIBA - SISTEMA BIBLIOTECARIO DI ATENEO$dSI VOA SERIE 001 (010) $eSI SEM1370 5 (010) 996 $aBaal$91154226 997 $aUNIOR